000 00437nam a2200169 a 4500
001 0000-8868
003 ELIB.Books
008 110520 1972
035 _a(ELIB.Books)0000-9014
082 _aB
_bWat
100 _aWaters, Ethel
245 _aTo Me It's Wonderful
260 _bLondon: Happer and Row, Publishers
_c1972
650 _aBiography
942 _2ddc
_cBK
998 _cbat
_e2011-05-20
_mcat
_u2019-07-03
999 _c8868
_d8868